00829 a2200229 4500010001400000020002300014035001300037037001800050082001400068090001500082100001900097245004700116260004700163270009200210300003200302500005000334650001000384651002300394942002900417999001500446952013800461 aENG-85328 a8180180514c175.00 aEN-68861 bD.B.Act / Pub14a320.50954 c2077d20771 aDas, Hari Hara1 aIndian political thoughtcby Hari Hara Das aNew DelhibNational Publishing Housec2005 a23, DaryaganjbNew Delhie110 002k011-23274161, 011-23275267mklmalik@mantraonline.com axviii, 433 p.c21 cm (Pbk.) aIncludes bibliographical reference and index xIndia xPolitiocal Science adplcENk320.50954 / DAS c2042d2042 00102ddc40718NFICaDBADbDBADeDBAD/PUBg175.00l0o320.50954 DASpEN-68861r2008-09-15 00:00:00t1u2158v175.00w2008-09-15yEN